000 00499nam a22001817a 4500
003 OSt
005 20260406123022.0
008 260406b |||||||| |||| 00| 0 eng d
020 _a9780670094974
040 _cDonated
082 _21st
_a658/Cho
_bSBPIMD292
100 _aChopra Jonas,Priyanka
_94978
245 _aUnfinished
_bA Memoir
_hEnglish
260 _aIndia
_bPenguin Random House
_c2021
300 _a239
700 _aChopra - Jonas, Priyanka
_94979
942 _2ddc
_cDBK
_e1st
_k658
_mCho
_n0
999 _c203458
_d203458